Violencia intrafamiliar en Bogotá D.C (Registro nro. 297761)

Detalles MARC
000 -ENCABEZADO
Número de control [NR] 00808 a2200205 4500
005 - FECHA Y HORA DE LA ÚLTIMA TRANSACCIÓN
control field 20141209115731.0
008 - DE LONGITUD FIJA DE DATOS DE ELEMENTOS - INFORMACIÓN GENERAL
Elementos de longitud fija [NR] 141209s2003 ck ||||gr|||| 00| 0 spa d
040 ## - FUENTE DE CATALOGACION [NR]
Agencia de catalogación original [NR] CO-BoUCM
Idioma de catalogación [NR] spa
Quien Cataloga Jose A. Gerena
Quien Clasifica Jose A. Gerena
041 0# - CODIGO DE IDIOMA [R]
Código de idioma para texto/pista de sonido o título separado [R] Español
245 00 - MENCION DE TITULO [NR]
Título [NR] Violencia intrafamiliar en Bogotá D.C
Parte restante del título [NR] años 2001-2002
Mención de responsabilidad, etc. [NR] Alcaldía mayor de Bogotá
260 ## - PUBLICACION, DISTRIBUCION, ETC. (PIE DE IMPRENTA) [R]
Fecha de publicación, distribución, etc. [R] 2003
Lugar de publicación, distribución, etc. [R] Bogotá (Colombia)
Nombre del editor, distribuidor, etc. [R] Alcaldía mayor de Bogotá
300 ## - DESCRIPCION FISICA [R]
Extensión [R] 24 páginas
Otros detalles físicos [NR] cuadros, gráficas
650 #7 - ASIENTO SECUNDARIO DE MATERIA - TERMINO TEMATICO [R]
9 (RLIN) 26285
Término temático o nombre geográfico como elemento de entrada [NR] Violencia familiar
Subdivisión geográfica [R] Bogotá (Colombia)
650 #7 - ASIENTO SECUNDARIO DE MATERIA - TERMINO TEMATICO [R]
9 (RLIN) 12602
Término temático o nombre geográfico como elemento de entrada [NR] Delitos sexuales
Subdivisión geográfica [R] Bogotá (Colombia)
651 #4 - ASIENTO SECUNDARIO DE MATERIA - NOMBRE GEOGRAFICO [R]
Nombre geográfico [NR] Bogotá (Colombia)
Subdivisión general [R] Condiciones sociales
9 (RLIN) 27748
690 ## - ASUNTO AGREGADO LOCAL DE ENTRADA - TÉRMINO TEMÁTICO (OCLC, RLIN)
9 (RLIN) 42914
Acceso temático local Sociología
710 2# - ASIENTO SECUNDARIO - NOMBRE CORPORATIVO [R]
Nombre corporativo o de jurisdicción como elemento de entrada [NR] Alcaldía mayor de Bogotá
9 (RLIN) 56619
942 ## - ELEMENTOS DE ENTRADA AGREGADOS (KOHA)
Sistema de clasificación DEWEY
Tema principal Sociología
Tipo de ítem principal el descrito en 300a Libro
Edición 1
Clasificación 362.82
Parte restante de la signatura top. V795
Existencias
Fecha de último préstamo Total préstamos Signatura topográfica Código de barras Última vez visto Ejemplar Costo de reposición Price effective from Tipo de ítem Perdido Sistema de clasificación Dañado No prestable Tipo de ítem específico Suprimido Ubicación habitual Ubicación actual Localización Fecha de creación Proveedor Forma de adquisición Costo
17/12/2014 1 362.82 V795 100144319 09/12/2025 Ej.1 26000.00 25/11/2014 Libro   DEWEY     Libro   Claustro Claustro 2do piso 25/11/2014 12 Donación 0.00